000 00325pam a2200157a 44500
008 230405s1996 xxu||||| |||| 00| 0 eng d
041 _aENG
100 _aReg hamilton
245 _aMentoring
250 _a1
260 _a
_bSterling
_c1996
300 _a120p,21cms
440 _a95
690 _aIMRDA
906 _a1245
999 _c254104
_d254104